000
00269nam a2200121Ia 4500
100
_a
Sinclair/ Ian.
942
_c
BK
654
_a
Collage Computing - 2
245
_a
Collage Computing - 2
260
_b
Cassell Computing
_a
Britain
300
_a
132
546
_a
ENGLISH
999
_c
35267
_d
35267